Statistics for 中国吃得最荤/素的省区 Most meaty/vegetarian provinces

Click here to take the quiz!

General Stats

  • This quiz has been taken 97 times
  • The average score is 10 of 14

Answer Stats

肉禽水产品粮菜荤素比省区% Correct
最荤67.124.4207.70.44广东
95%
最素32.73.1222.10.16新疆
85%
最荤53.330.5254.90.33浙江
84%
最荤50.1232620.28江苏
84%
最荤45.824.6203.10.35上海
80%
最素390.5234.20.17西藏
79%
最荤49.725.7211.10.36福建
78%
最荤59.812227.40.32广西
77%
最素30.43213.80.16宁夏
60%
最素253.4247.30.11陕西
57%
最素29.52.82390.14甘肃
56%
最素38.88.8319.20.15河北
55%
最素23.63.1231.90.12山西
51%
最荤61.830206.70.44海南
40%

Score Distribution

Percentile by Number Answered

Percent of People with Each Score

Your Score History

You have not taken this quiz